ARRUPE JESUIT UNIVERSITY

CORONAVIRUS -STOP THE SPREAD - CLEAN,DISINFECT,COVER

Matthew / (Record no. 119461)

MARC details
000 -LEADER
fixed length control field 01194cam a2200397Ma 4500
001 - CONTROL NUMBER
control field 6094957
003 - CONTROL NUMBER IDENTIFIER
control field ARRUPE
005 - DATE AND TIME OF LATEST TRANSACTION
control field 20131220144731.0
008 - FIXED-LENGTH DATA ELEMENTS--GENERAL INFORMATION
fixed length control field 070211s2006 enk b 001 0 eng d
015 ## - NATIONAL BIBLIOGRAPHY NUMBER
National bibliography number GBA711313
Source bnb
016 7# - NATIONAL BIBLIOGRAPHIC AGENCY CONTROL NUMBER
Record control number 013669616
Source Uk
020 ## - INTERNATIONAL STANDARD BOOK NUMBER
International Standard Book Number 9780334041115 (hbk.)
020 ## - INTERNATIONAL STANDARD BOOK NUMBER
International Standard Book Number 0334041112 (hbk.)
020 ## - INTERNATIONAL STANDARD BOOK NUMBER
Cancelled/invalid ISBN 0334041115 (hbk.)
029 1# - (OCLC)
OCLC library identifier AU@
System control number 000041295815
029 1# - (OCLC)
OCLC library identifier NLGGC
System control number 302414169
035 ## - SYSTEM CONTROL NUMBER
System control number (OCoLC)ocm81249142
035 ## - SYSTEM CONTROL NUMBER
System control number (NNC)6094957
035 ## - SYSTEM CONTROL NUMBER
System control number (OCoLC)ocm81249142
035 ## - SYSTEM CONTROL NUMBER
System control number (OCoLC)81249142
040 ## - CATALOGING SOURCE
Original cataloging agency EQO
Transcribing agency EQO
Modifying agency UKM
-- YDXCP
-- OCLCQ
-- OCLCG
050 ## - LIBRARY OF CONGRESS CALL NUMBER
Classification number BS2575.3.H368 2006
082 04 - DEWEY DECIMAL CLASSIFICATION NUMBER
Classification number 226.207
Edition number 22
300 ## - PHYSICAL DESCRIPTION
Dimensions 24 cm.
100 1# - MAIN ENTRY--PERSONAL NAME
Personal name Hauerwas, Stanley,
Dates associated with a name 1940-
9 (RLIN) 6352
245 10 - TITLE STATEMENT
Title Matthew /
Statement of responsibility, etc Stanley Hauerwas.
260 ## - PUBLICATION, DISTRIBUTION, ETC. (IMPRINT)
Place of publication, distribution, etc London :
Name of publisher, distributor, etc SCM Press,
Date of publication, distribution, etc 2006.
300 ## - PHYSICAL DESCRIPTION
Extent 267 p. ;
490 1# - SERIES STATEMENT
Series statement SCM theological commentary on the Bible
504 ## - BIBLIOGRAPHY, ETC. NOTE
Bibliography, etc Includes bibliographical references and index.
630 00 - SUBJECT ADDED ENTRY--UNIFORM TITLE
Uniform title Bible NT
Name of part/section of a work Matthew.
General subdivision Commentaries
9 (RLIN) 6353
830 #0 - SERIES ADDED ENTRY--UNIFORM TITLE
Uniform title SCM theological commentary on the Bible.
9 (RLIN) 6354
942 ## - ADDED ENTRY ELEMENTS (KOHA)
Source of classification or shelving scheme Library of Congress Classification
Koha item type Monograph ( Printed materials)
948 0# - LOCAL PROCESSING INFORMATION (OCLC); SERIES PART DESIGNATOR (RLIN)
Series part designator, SPT (RLIN) 20070228
b (OCLC) b
c (OCLC) jeb52
d (OCLC) MPS
948 1# - LOCAL PROCESSING INFORMATION (OCLC); SERIES PART DESIGNATOR (RLIN)
Series part designator, SPT (RLIN) 20080915
b (OCLC) c
c (OCLC) ink2
d (OCLC) MPS
Holdings
Withdrawn status Lost status Source of classification or shelving scheme Damaged status Not for loan Home library Current library Shelving location Date acquired Total Checkouts Full call number Barcode Date last seen Date checked out Price effective from Koha item type
    Library of Congress Classification     ARRUPE LIBRARY ARRUPE LIBRARY Main Collection 20/12/2013 3 BS2575.3.H368 2006 464122431 14/11/2017 01/11/2017 20/12/2013 Monograph ( Printed materials)

 

Arrupe Library. PO Box MP320 Mt Pleasant, Harare, Zimbabwe
263 242 745411|librarian@aju.ac.zw